Responses for Show #3977 - Tuesday, December 11, 2001

Contestants

[<< previous game]

Mike Rohan, an attorney from Orland Park, Illinois

M J Selle, a freelance writer and editor from Katy, Texas

Bill O'Donnell, a national park ranger from Eminence, Missouri (whose 2-day cash winnings total $28,700)

[next game >>]

Jeopardy! Round responses

BESTSELLERS
ANCIENT EGYPTIANS
GETTIN' FRIENDLY WITH MADONNA
(Alex: I don't know about this one for you, Bill!)
MAGS FOR MEN
YOU GOT "GUM"?
WHAT'LL YA HAVE?
(Alex: Sounds like a bartender line, doesn't it?)
    $200 2
The Old Farmer's Almanac

Bill
    $200 1
Cleopatra

M J
    $200 17
Prince

M J
    $200 12
Field & Stream

M J
    $200 7
Gumby

M J
    $200 26
a martini

Bill
    $400 13
(Mike: Who is John F. Kennedy?)

John Adams

Mike
Triple Stumper
    $400 3
Tutankhamun

M J
    $400 22
Sean Penn

M J
    $400 18
Penthouse

M J
    $400 8
gumbo

Mike
    $400 27
a screwdriver

M J
    $600 14
Mars & Venus

M J
    $600 4
Cheops/Khufu

M J
    $600 23
(Mike: Who is Austin Powers?)

Wayne Campbell

Mike
Triple Stumper
    $600 19
Ammo

Bill
    $600 9
Gummo Marx

M J
    $600 28
the head

Bill
    $1,000 15
Kenneth Starr

M J
    $800 5
Ptolemy

Bill
    $800 24
(Alex: We have a minute left.)

Dick Tracy

M J
    $800 20
Details

Triple Stumper
    $800 10
gumption

Bill
    $800 29
a mint julep

Mike
    $1000 16
blood type

Mike
    $1000 6
Nefertiti

Bill
    $1000 25
(Mike: Who is Whitney Houston?)

Sandra Bernhard

Mike
Triple Stumper
    $1000 21
(Alex: You knew that. OK!)

Maxim

Mike
    $1000 11
gumshoe

Bill
    $1000 30
(Alex: And you know something, Sofia was at the bar and had to sample all of those drinks. We poured her into a cab and sent her home!)

a Bloody Mary

Bill

Scores at the first commercial break (after clue 16):

Bill M J Mike
$3,800 $3,800 $1,000

Scores at the end of the Jeopardy! Round:

Bill M J Mike
$6,200 $6,000 $1,200

Double Jeopardy! Round responses

SELLERS' BEST
ALL THE PRESIDENTS' CHILDREN
(Alex: A relative will fit each clue in...)
RELATIVE SUCCESS
U.S. BUILDINGS
ALLITERATURE
LANGUAGE BARRIERS
    $400 17
Inspector Clouseau

Bill
    $400 2
John F. Kennedy, Jr.

Bill
    $400 11
(Mike: Who is Milton Berle?)

Uncle

BillMike
    $400 1
The Pentagon

M J
    $400 24
Margaret Mitchell

M J
    $400 7
moat

Mike
    $800 18
(M J: Who is Liv Ullman?)

Britt Ekland

M J
Triple Stumper
    $800 13
Franklin D. Roosevelt

Mike
    $800 19
Auntie

Bill
    $800 3
Chicago

Bill
    $800 27
Peter Pan

Mike
    $800 8
hurdles

Mike
    $1200 23
(Alex: Minute to go.)

gardener

Mike
    $1200 14
(M J: Who are the Bush girls, Barbara & Jenna?)
(Alex: That's better, that's what we were looking for!)

Barbara & Jenna Bush

M J
    $1200 20
Sister

Bill
    $1200 4
Independence Hall

Mike
    $1200 28
[The end-of-round signal sounds.]
...
(Alex: [Taped offstage, before going into commercial] We just had a clue about the Pentagon, ladies and gentlemen; I want to point out that this program was taped prior to the unfortunate events of September 11th.)

Nicholas Nickleby

Triple Stumper
    $1200 9
the Great Wall of China

Bill
    $1600 25
What's New Pussycat?

Triple Stumper
    $2,000 15
Herbert Hoover

M J
    $1600 21
Mother

Mike
    $1,000 5
the Guggenheim

Mike
    $1600 10
the Iron Curtain

M J
    $2000 26
The Goon Show

Triple Stumper
    $2000 16
(M J: Who is Stevenson?)

Robert Taft

BillM J
    $2000 22
Brother

Triple Stumper
    $2000 6
Faneuil Hall

Bill
    $2000 12
impediment

Bill

Scores at the end of the Double Jeopardy! Round:

Bill M J Mike
$17,400 $8,800 $8,600

[wagering suggestions for these scores]

Final Jeopardy! Round responses

ENTERTAINERS
MikeWho is Mel Brooks?
$8,100
M JWho is Mel Brooks
$8,800
BillWho is Carl Reiner?
$201
Mel Brooks

Final scores:

Bill M J Mike
$17,199 $17,600 $16,700
2nd place: a trip to Aruba Grand Resort New champion: $17,600 3rd place: HSN.com Shopping Spree

Game dynamics:

Coryat scores:

Bill M J Mike
$17,400 $8,200 $9,200
19 R,
0 W
18 R
(including 2 DDs),
2 W
12 R
(including 1 DD),
4 W

Combined Coryat: $34,800

[game clues] [game scores] [suggest correction]

Game tape date: 2001-09-06
The J! Archive is created by fans, for fans. Scraping, republication, monetization, and malicious use prohibited; this site may use cookies and collect identifying information. See terms. The Jeopardy! game show and all elements thereof, including but not limited to copyright and trademark thereto, are the property of Jeopardy Productions, Inc. and are protected under law. This website is not affiliated with, sponsored by, or operated by Jeopardy Productions, Inc. Join the discussion at JBoard.tv.